[Event "448. Wednesday (05.08.2020)"]
[Site "Official B"]
[Date "2020.08.05"]
[Round "7"]
[White "Minimaxi0708"]
[Black "Holzpferd"]
[Result "0-1"]
[WhiteElo "1488"]
[BlackElo "1438"]
[Annotator "NA"]
[PlyCount "146"]
[EventDate "2020.08.05"]
[EventType "swiss (blitz)"]

1. d4 {[%emt 0:00:01]} d5 {[%emt 0:00:02]} 2. c4 {[%emt 0:00:01]} e5 {[%emt 0:00:02]} 3. dxe5 {[%emt 0:00:05]} d4 {[%emt 0:00:01]} 4. Nf3 {[%emt 0:00:08]} Nc6 {[%emt 0:00:02]} 5. a3 {[%emt 0:00:06]} Bg4 {[%emt 0:00:06]} 6. e3 {[%emt 0:00:04]} Nxe5 {[%emt 0:00:07]} 7. Qa4+ {[%emt 0:00:09]} Nc6 {[%emt 0:00:09]} 8. Nxd4 {[%emt 0:00:08]} Bd7 {[%emt 0:00:06]} 9. Qd1 {[%emt 0:00:12]} g6 {[%emt 0:00:21]} 10. Nc3 {[%emt 0:00:12]} Bg7 {[%emt 0:00:01]} 11. Nxc6 {[%emt 0:00:04]} Bxc6 {[%emt 0:00:02]} 12. Qxd8+ {[%emt 0:00:01]} Rxd8 {[%emt 0:00:02]} 13. Bd2 {[%emt 0:00:08]} Ne7 {[%emt 0:00:04]} 14. Rd1 {[%emt 0:00:03]} O-O {[%emt 0:00:01]} 15. Be2 {[%emt 0:00:01]} Bxg2 {[%emt 0:00:05]} 16. Rg1 {[%emt 0:00:01]} Bc6 {[%emt 0:00:03]} 17. h4 {[%emt 0:00:02]} h5 {[%emt 0:00:02]} 18. Nb5 {[%emt 0:00:11]} Bxb5 {[%emt 0:00:12]} 19. cxb5 {[%emt 0:00:01]} Rd7 {[%emt 0:00:04]} 20. Bc3 {[%emt 0:00:14]} Rfd8 {[%emt 0:00:03]} 21. Rxd7 {[%emt 0:00:04]} Rxd7 {[%emt 0:00:02]} 22. Bxg7 {[%emt 0:00:02]} Kxg7 {[%emt 0:00:01]} 23. Bxh5 {[%emt 0:00:01]} Kh6 {[%emt 0:00:05]} 24. Bg4 {[%emt 0:00:05]} Rd3 {[%emt 0:00:07]} 25. Ke2 {[%emt 0:00:04]} Rb3 {[%emt 0:00:02]} 26. Rb1 {[%emt 0:00:10]} Rxb5 {[%emt 0:00:03]} 27. b4 {[%emt 0:00:05]} a5 {[%emt 0:00:02]} 28. Bd7 {[%emt 0:00:06]} Rb6 {[%emt 0:00:03]} 29. b5 {[%emt 0:00:04]} c6 {[%emt 0:00:09]} 30. a4 {[%emt 0:00:05]} cxb5 {[%emt 0:00:02]} 31. Bxb5 {[%emt 0:00:05]} Nf5 {[%emt 0:00:13]} 32. Kd2 {[%emt 0:00:26]} Nxh4 {[%emt 0:00:09]} 33. Rh1 {[%emt 0:00:04]} g5 {[%emt 0:00:05]} 34. f4 {[%emt 0:00:03]} f6 {[%emt 0:00:01]} 35. fxg5+ {[%emt 0:00:01]} fxg5 {[%emt 0:00:01]} 36. e4 {[%emt 0:00:10]} Kg6 {[%emt 0:00:02]} 37. Rb1 {[%emt 0:00:05]} Kf6 {[%emt 0:00:02]} 38. Ke3 {[%emt 0:00:06]} Ke5 {[%emt 0:00:02]} 39. Rg1 {[%emt 0:00:05]} Kf6 {[%emt 0:00:07]} 40. Rf1+ {[%emt 0:00:02]} Ke5 {[%emt 0:00:04]} 41. Rg1 {[%emt 0:00:03]} Rg6 {[%emt 0:00:03]} 42. Rd1 {[%emt 0:00:08]} g4 {[%emt 0:00:39]} 43. Be8 {[%emt 0:00:03]} Rg7 {[%emt 0:00:04]} 44. Rd5+ {[%emt 0:00:02]} Ke6 {[%emt 0:00:05]} 45. Rxa5 {[%emt 0:00:04]} g3 {[%emt 0:00:01]} 46. Rb5 {[%emt 0:00:15]} g2 {[%emt 0:00:02]} 47. Rb6+ {[%emt 0:00:08]} Ke5 {[%emt 0:00:11]} 48. Rb5+ {[%emt 0:00:03]} Kd6 {[%emt 0:00:03]} 49. Rb6+ {[%emt 0:00:02]} Kc5 {[%emt 0:00:02]} 50. Rb5+ {[%emt 0:00:01]} Kc4 {[%emt 0:00:03]} 51. Rb1 {[%emt 0:00:08]} g1=Q+ {[%emt 0:00:02]} 52. Rxg1 {[%emt 0:00:06]} Rxg1 {[%emt 0:00:00]} 53. Bb5+ {[%emt 0:00:01]} Kc5 {[%emt 0:00:03]} 54. e5 {[%emt 0:00:03]} Re1+ {[%emt 0:00:04]} 55. Kf4 {[%emt 0:00:01]} Ng6+ {[%emt 0:00:02]} 56. Kf5 {[%emt 0:00:01]} Nxe5 {[%emt 0:00:01]} 57. Kf4 {[%emt 0:00:01]} Nc4 {[%emt 0:00:01]} 58. Kf5 {[%emt 0:00:00]} Nd6+ {[%emt 0:00:01]} 59. Kf4 {[%emt 0:00:00]} Nxb5 {[%emt 0:00:01]} 60. axb5 {[%emt 0:00:00]} Kxb5 {[%emt 0:00:01]} 61. Kf5 {[%emt 0:00:00]} Kc4 {[%emt 0:00:00]} 62. Kf4 {[%emt 0:00:00]} Rd1 {[%emt 0:00:01]} 63. Kf5 {[%emt 0:00:00]} Rd3 {[%emt 0:00:01]} 64. Kf4 {[%emt 0:00:00]} b5 {[%emt 0:00:01]} 65. Ke4 {[%emt 0:00:00]} b4 {[%emt 0:00:00]} 66. Ke5 {[%emt 0:00:00]} b3 {[%emt 0:00:01]} 67. Ke4 {[%emt 0:00:01]} b2 {[%emt 0:00:00]} 68. Ke5 {[%emt 0:00:01]} b1=Q {[%emt 0:00:00]} 69. Ke4 {[%emt 0:00:00]} Qe1+ {[%emt 0:00:00]} 70. Kf4 {[%emt 0:00:01]} Rd2 {[%emt 0:00:01]} 71. Kg5 {[%emt 0:00:01]} Rf2 {[%emt 0:00:00]} 72. Kg4 {[%emt 0:00:00]} Qg1+ {[%emt 0:00:01]} 73. Kh3 {[%emt 0:00:01]} Rh2# {[%emt 0:00:01] (Lag: Av=0.21s, max=0.7s)} 0-1

[Event "448. Wednesday (05.08.2020)"]
[Site "Official B"]
[Date "2020.08.05"]
[Round "7"]
[White "Verteidigung"]
[Black "Halligalli1601"]
[Result "1-0"]
[WhiteElo "1458"]
[BlackElo "1753"]
[Annotator "NA"]
[PlyCount "43"]
[EventDate "2020.08.05"]
[EventType "swiss (blitz)"]

1. c4 {[%emt 0:00:02]} c5 {[%emt 0:00:02]} 2. Nc3 {[%emt 0:00:02]} b6 {[%emt 0:00:02]} 3. e4 {[%emt 0:00:05]} e6 {[%emt 0:00:02]} 4. Nf3 {[%emt 0:00:06]} Bb7 {[%emt 0:00:01]} 5. g3 {[%emt 0:00:02]} Nf6 {[%emt 0:00:04]} 6. d3 {[%emt 0:00:02]} d5 {[%emt 0:00:01]} 7. e5 {[%emt 0:00:09]} Nfd7 {[%emt 0:00:02]} 8. cxd5 {[%emt 0:00:06]} exd5 {[%emt 0:00:02]} 9. Bg2 {[%emt 0:00:04]} Be7 {[%emt 0:00:03]} 10. O-O {[%emt 0:00:02]} d4 {[%emt 0:00:03]} 11. Nb5 {[%emt 0:00:11]} O-O {[%emt 0:00:03]} 12. Bf4 {[%emt 0:00:24]} Na6 {[%emt 0:00:09]} 13. Re1 {[%emt 0:00:12]} Nb4 {[%emt 0:00:17]} 14. e6 {[%emt 0:00:30]} fxe6 {[%emt 0:00:05]} 15. Rxe6 {[%emt 0:00:02]} Bd5 {[%emt 0:00:13]} 16. Rxe7 {[%emt 0:00:27]} Qxe7 {[%emt 0:00:04]} 17. a3 {[%emt 0:00:07]} Nc6 {[%emt 0:00:24]} 18. Nc7 {[%emt 0:00:03]} Bxf3 {[%emt 0:00:27]} 19. Qxf3 {[%emt 0:00:06]} Nde5 {[%emt 0:00:17]} 20. Qd5+ {[%emt 0:00:05]} Rf7 {[%emt 0:00:09]} 21. Bxe5 {[%emt 0:00:15]} Qxe5 {[%emt 0:00:03]} 22. Nxa8 {[%emt 0:00:22] Halligalli1601 gibt auf (Lag: Av=0.43s, max=1.1s)} 1-0

[Event "448. Wednesday (05.08.2020)"]
[Site "Official B"]
[Date "2020.08.05"]
[Round "7"]
[White "Weissi"]
[Black "Scharmacher"]
[Result "0-1"]
[WhiteElo "1434"]
[BlackElo "1385"]
[Annotator "NA"]
[PlyCount "104"]
[EventDate "2020.08.05"]
[EventType "swiss (blitz)"]

1. d4 {[%emt 0:00:03]} d5 {[%emt 0:00:04]} 2. c4 {[%emt 0:00:01]} e6 {[%emt 0:00:02]} 3. Nf3 {[%emt 0:00:01]} Nf6 {[%emt 0:00:02]} 4. Nc3 {[%emt 0:00:01]} dxc4 {[%emt 0:00:03]} 5. Bg5 {[%emt 0:00:02]} Be7 {[%emt 0:00:02]} 6. e3 {[%emt 0:00:02]} Nbd7 {[%emt 0:00:01]} 7. Bxc4 {[%emt 0:00:04]} a6 {[%emt 0:00:02]} 8. O-O {[%emt 0:00:07]} O-O {[%emt 0:00:02]} 9. h3 {[%emt 0:00:08]} b5 {[%emt 0:00:02]} 10. Be2 {[%emt 0:00:05]} Bb7 {[%emt 0:00:01]} 11. Rc1 {[%emt 0:00:07]} Rc8 {[%emt 0:00:02]} 12. a3 {[%emt 0:00:16]} c5 {[%emt 0:00:01]} 13. dxc5 {[%emt 0:00:05]} Nxc5 {[%emt 0:00:03]} 14. Qxd8 {[%emt 0:00:16]} Rcxd8 {[%emt 0:00:02]} 15. Na2 {[%emt 0:00:02]} Rfe8 {[%emt 0:00:01]} 16. Nd4 {[%emt 0:00:14]} Nce4 {[%emt 0:00:04]} 17. Bf4 {[%emt 0:00:13]} Bd5 {[%emt 0:00:03]} 18. Nb4 {[%emt 0:00:07]} Bxb4 {[%emt 0:00:03]} 19. axb4 {[%emt 0:00:02]} e5 {[%emt 0:00:01]} 20. Nc6 {[%emt 0:00:14]} Bxc6 {[%emt 0:00:04]} 21. Rxc6 {[%emt 0:00:02]} exf4 {[%emt 0:00:01]} 22. Rxa6 {[%emt 0:00:18]} fxe3 {[%emt 0:00:03]} 23. fxe3 {[%emt 0:00:04]} Nd2 {[%emt 0:00:02]} 24. Rf5 {[%emt 0:00:20]} Nd5 {[%emt 0:00:04]} 25. Bxb5 {[%emt 0:00:07]} Nxb4 {[%emt 0:00:05]} 26. Ra7 {[%emt 0:00:10]} Rf8 {[%emt 0:00:04]} 27. b3 {[%emt 0:00:19]} Nxb3 {[%emt 0:00:04]} 28. Bc4 {[%emt 0:00:01]} Nd2 {[%emt 0:00:11]} 29. Bxf7+ {[%emt 0:00:15]} Kh8 {[%emt 0:00:03]} 30. Be6 {[%emt 0:00:12]} Rxf5 {[%emt 0:00:03]} 31. Bxf5 {[%emt 0:00:01]} g6 {[%emt 0:00:03]} 32. Be6 {[%emt 0:00:13]} Nc6 {[%emt 0:00:04]} 33. Rc7 {[%emt 0:00:04]} Ne5 {[%emt 0:00:04]} 34. Re7 {[%emt 0:00:10]} Ndc4 {[%emt 0:00:04]} 35. Bxc4 {[%emt 0:00:05]} Nxc4 {[%emt 0:00:02]} 36. e4 {[%emt 0:00:01]} Rf8 {[%emt 0:00:02]} 37. e5 {[%emt 0:00:04]} Rf5 {[%emt 0:00:06]} 38. e6 {[%emt 0:00:02]} Nb6 {[%emt 0:00:05]} 39. Rb7 {[%emt 0:00:05]} Nd5 {[%emt 0:00:02]} 40. e7 {[%emt 0:00:02]} Nxe7 {[%emt 0:00:06]} 41. Rxe7 {[%emt 0:00:01]} Rc5 {[%emt 0:00:03]} 42. g4 {[%emt 0:00:01]} Rc1+ {[%emt 0:00:02]} 43. Kg2 {[%emt 0:00:01]} Rc2+ {[%emt 0:00:01]} 44. Kg3 {[%emt 0:00:01]} Kg8 {[%emt 0:00:03]} 45. Kh4 {[%emt 0:00:01]} Rc3 {[%emt 0:00:03]} 46. Kg5 {[%emt 0:00:01]} Rc5+ {[%emt 0:00:01]} 47. Kf6 {[%emt 0:00:01]} Rc6+ {[%emt 0:00:03]} 48. Kg5 {[%emt 0:00:01]} Rc3 {[%emt 0:00:05]} 49. Kh6 {[%emt 0:00:00]} Rxh3+ {[%emt 0:00:06]} 50. Kg5 {[%emt 0:00:01]} Rf3 {[%emt 0:00:03]} 51. Re8+ {[%emt 0:00:03]} Rf8 {[%emt 0:00:02]} 52. Re7 {[%emt 0:00:01]} Rf7 {[%emt 0:00:02] Zeit (Lag: Av=0.40s, max=0.7s) .} 0-1

[Event "448. Wednesday (05.08.2020)"]
[Site "Official B"]
[Date "2020.08.05"]
[Round "7"]
[White "Belmonte"]
[Black "Serrano2003"]
[Result "1-0"]
[WhiteElo "1406"]
[BlackElo "1420"]
[Annotator "NA"]
[PlyCount "51"]
[EventDate "2020.08.05"]
[EventType "swiss (blitz)"]

1. c4 {[%emt 0:00:02]} e6 {[%emt 0:00:02]} 2. d4 {[%emt 0:00:01]} d5 {[%emt 0:00:01]} 3. cxd5 {[%emt 0:00:01]} exd5 {[%emt 0:00:02]} 4. Nc3 {[%emt 0:00:00]} c6 {[%emt 0:00:01]} 5. Nf3 {[%emt 0:00:02]} Bg4 {[%emt 0:00:02]} 6. g3 {[%emt 0:00:01]} Bxf3 {[%emt 0:00:02]} 7. exf3 {[%emt 0:00:01]} Nf6 {[%emt 0:00:01]} 8. Bg2 {[%emt 0:00:01]} Bd6 {[%emt 0:00:02]} 9. O-O {[%emt 0:00:02]} O-O {[%emt 0:00:02]} 10. Bg5 {[%emt 0:00:01]} Nbd7 {[%emt 0:00:04]} 11. Re1 {[%emt 0:00:02]} Qc7 {[%emt 0:00:02]} 12. a3 {[%emt 0:00:04]} h6 {[%emt 0:00:02]} 13. Bxf6 {[%emt 0:00:03]} Nxf6 {[%emt 0:00:02]} 14. Rc1 {[%emt 0:00:00]} Qd7 {[%emt 0:00:02]} 15. f4 {[%emt 0:00:08]} Rae8 {[%emt 0:00:03]} 16. Rc2 {[%emt 0:00:04]} Ne4 {[%emt 0:00:03]} 17. Nxe4 {[%emt 0:00:11]} dxe4 {[%emt 0:00:02]} 18. Bxe4 {[%emt 0:00:07]} f5 {[%emt 0:00:03]} 19. Bg2 {[%emt 0:00:07]} Rxe1+ {[%emt 0:00:02]} 20. Qxe1 {[%emt 0:00:03]} Re8 {[%emt 0:00:02]} 21. Re2 {[%emt 0:00:02]} Rxe2 {[%emt 0:00:01]} 22. Qxe2 {[%emt 0:00:01]} Qe7 {[%emt 0:00:08]} 23. Qc4+ {[%emt 0:00:15]} Qf7 {[%emt 0:00:04]} 24. d5 {[%emt 0:00:10]} cxd5 {[%emt 0:00:02]} 25. Bxd5 {[%emt 0:00:02]} Qxd5 {[%emt 0:00:10] Serrano2003 rinde} 26. Qxd5+ {[%emt 0:00:02] (Lag: Av=0.57s, max=1.0s)} 1-0

[Event "448. Wednesday (05.08.2020)"]
[Site "Official B"]
[Date "2020.08.05"]
[Round "7"]
[White "Vhêne"]
[Black "Alexmil2020"]
[Result "1-0"]
[WhiteElo "1401"]
[BlackElo "1398"]
[Annotator "NA"]
[PlyCount "91"]
[EventDate "2020.08.05"]
[EventType "swiss (blitz)"]

{- Milgevsky, Alexander} 1. d4 {[%emt 0:00:01]} d5 {[%emt 0:00:01]} 2. Bf4 {[%emt 0:00:01]} Nf6 {[%emt 0:00:17]} 3. e3 {[%emt 0:00:02]} Nc6 {[%emt 0:00:01]} 4. c3 {[%emt 0:00:01]} Bg4 {[%emt 0:00:03]} 5. Qb3 {[%emt 0:00:02]} Bc8 {[%emt 0:00:03]} 6. Bd3 {[%emt 0:00:03]} Ne4 {[%emt 0:00:07]} 7. Nf3 {[%emt 0:00:06]} g5 {[%emt 0:00:03]} 8. Bg3 {[%emt 0:00:05]} h5 {[%emt 0:00:02]} 9. h4 {[%emt 0:00:02]} g4 {[%emt 0:00:01]} 10. Nfd2 {[%emt 0:00:04]} f5 {[%emt 0:00:02]} 11. c4 {[%emt 0:00:05]} Nxd2 {[%emt 0:00:02]} 12. Nxd2 {[%emt 0:00:02]} Na5 {[%emt 0:00:03]} 13. Qa4+ {[%emt 0:00:05]} c6 {[%emt 0:00:01]} 14. b4 {[%emt 0:00:08]} Nxc4 {[%emt 0:00:02]} 15. Nxc4 {[%emt 0:00:03]} dxc4 {[%emt 0:00:01]} 16. Be2 {[%emt 0:00:06]} c3 {[%emt 0:00:02]} 17. Rc1 {[%emt 0:00:03]} c2 {[%emt 0:00:02]} 18. Qxc2 {[%emt 0:00:06]} Qd5 {[%emt 0:00:01]} 19. Rg1 {[%emt 0:00:09]} Bd7 {[%emt 0:00:02]} 20. Bc4 {[%emt 0:00:03]} Qe4 {[%emt 0:00:15]} 21. Bd3 {[%emt 0:00:05]} Qd5 {[%emt 0:00:01]} 22. Be5 {[%emt 0:00:03]} Rh6 {[%emt 0:00:03]} 23. Bf4 {[%emt 0:00:02]} Rg6 {[%emt 0:00:09]} 24. Bc4 {[%emt 0:00:07]} Qe4 {[%emt 0:00:01]} 25. Bd3 {[%emt 0:00:02]} Qd5 {[%emt 0:00:01]} 26. e4 {[%emt 0:00:04]} fxe4 {[%emt 0:00:02]} 27. Bxe4 {[%emt 0:00:02]} Qxd4 {[%emt 0:00:01]} 28. Bxg6+ {[%emt 0:00:05]} Kd8 {[%emt 0:00:07]} 29. Be3 {[%emt 0:00:04]} Qf6 {[%emt 0:00:07]} 30. Rd1 {[%emt 0:00:03]} Kc7 {[%emt 0:00:02]} 31. Bd4 {[%emt 0:00:05]} Qe6+ {[%emt 0:00:06]} 32. Be4 {[%emt 0:00:04]} Bh6 {[%emt 0:00:07]} 33. Kf1 {[%emt 0:00:03]} Rf8 {[%emt 0:00:02]} 34. b5 {[%emt 0:00:05]} g3 {[%emt 0:00:02]} 35. f3 {[%emt 0:00:02]} Kb8 {[%emt 0:00:11]} 36. bxc6 {[%emt 0:00:05]} Bxc6 {[%emt 0:00:02]} 37. Bxc6 {[%emt 0:00:07]} Qxc6 {[%emt 0:00:02]} 38. Qxc6 {[%emt 0:00:02]} bxc6 {[%emt 0:00:01]} 39. Rb1+ {[%emt 0:00:02]} Ka8 {[%emt 0:00:02]} 40. Ke2 {[%emt 0:00:05]} Rd8 {[%emt 0:00:02]} 41. Bc5 {[%emt 0:00:06]} e5 {[%emt 0:00:05]} 42. Rgd1 {[%emt 0:00:04]} Rc8 {[%emt 0:00:07]} 43. Rd6 {[%emt 0:00:03]} Bf4 {[%emt 0:00:01]} 44. Rd7 {[%emt 0:00:08]} Rc7 {[%emt 0:00:17]} 45. Rd8+ {[%emt 0:00:07]} Rc8 {[%emt 0:00:02]} 46. Rxc8# {[%emt 0:00:05] (Lag: Av=0.46s, max=1.0s)} 1-0

[Event "448. Wednesday (05.08.2020)"]
[Site "Official B"]
[Date "2020.08.05"]
[Round "8"]
[White "Sedarpl"]
[Black "Smart-arse"]
[Result "1/2-1/2"]
[WhiteElo "2214"]
[BlackElo "1886"]
[PlyCount "72"]
[EventDate "2020.08.05"]
[EventType "swiss (blitz)"]
[TimeControl "300"]

1. e4 {[%emt 0:00:03]} e5 {[%emt 0:00:03]} 2. d4 {[%emt 0:00:03]} exd4 {[%emt 0:00:02]} 3. c3 {[%emt 0:00:02]} dxc3 {[%emt 0:00:01]} 4. Bc4 {[%emt 0:00:02]} cxb2 {[%emt 0:00:33]} 5. Bxb2 {[%emt 0:00:02]} d5 {[%emt 0:00:01]} 6. exd5 {[%emt 0:00:04]} Nf6 {[%emt 0:00:05]} 7. Ne2 {[%emt 0:00:11]} Bd6 {[%emt 0:00:12]} 8. Nd2 {[%emt 0:00:09]} O-O {[%emt 0:00:03]} 9. O-O {[%emt 0:00:04]} Nbd7 {[%emt 0:00:28]} 10. Qc2 {[%emt 0:00:17]} Nb6 {[%emt 0:00:04]} 11. Nc3 {[%emt 0:00:15]} Nxc4 {[%emt 0:00:08]} 12. Nxc4 {[%emt 0:00:01]} a6 {[%emt 0:00:05]} 13. Nxd6 {[%emt 0:00:04]} Qxd6 {[%emt 0:00:01]} 14. Ne4 {[%emt 0:00:01]} Nxe4 {[%emt 0:00:03]} 15. Qxe4 {[%emt 0:00:00]} Qg6 {[%emt 0:00:33]} 16. Qxg6 {[%emt 0:00:06]} hxg6 {[%emt 0:00:01]} 17. Rfc1 {[%emt 0:00:03]} Rd8 {[%emt 0:00:03]} 18. Rxc7 {[%emt 0:00:06]} Rxd5 {[%emt 0:00:01]} 19. Re7 {[%emt 0:00:02]} Be6 {[%emt 0:00:08]} 20. Rxb7 {[%emt 0:00:04]} Rc8 {[%emt 0:00:02]} 21. a4 {[%emt 0:00:17]} a5 {[%emt 0:00:03]} 22. h3 {[%emt 0:00:08]} Rc2 {[%emt 0:00:04]} 23. Rf1 {[%emt 0:00:07]} g5 {[%emt 0:00:17]} 24. Rb8+ {[%emt 0:00:04]} Kh7 {[%emt 0:00:02]} 25. Kh2 {[%emt 0:00:02]} Rf5 {[%emt 0:00:02]} 26. Bd4 {[%emt 0:00:04]} Rc4 {[%emt 0:00:04]} 27. Be3 {[%emt 0:00:01]} Rxa4 {[%emt 0:00:02]} 28. Rc1 {[%emt 0:00:02]} Ra2 {[%emt 0:00:03]} 29. Rc7 {[%emt 0:00:04]} a4 {[%emt 0:00:03]} 30. Ra8 {[%emt 0:00:04]} Bb3 {[%emt 0:00:11]} 31. Ra6 {[%emt 0:00:04]} Re2 {[%emt 0:00:08]} 32. Rca7 {[%emt 0:00:05]} Rc2 {[%emt 0:00:05]} 33. Kg1 {[%emt 0:00:09]} Rd5 {[%emt 0:00:02]} 34. Kh2 {[%emt 0:00:03]} Rf5 {[%emt 0:00:01]} 35. Kg1 {[%emt 0:00:01]} Rd5 {[%emt 0:00:01]} 36. Kh2 {[%emt 0:00:04]} Rf5 {[%emt 0:00:06] (Lag: Av=1.26s, max=2.9s)} 1/2-1/2

[Event "448. Wednesday (05.08.2020)"]
[Site "Official B"]
[Date "2020.08.05"]
[Round "8"]
[White "Chesstiger9"]
[Black "LangesNasenhaar"]
[Result "0-1"]
[WhiteElo "1995"]
[BlackElo "2183"]
[PlyCount "82"]
[EventDate "2020.08.05"]
[EventType "swiss (blitz)"]

{Volkov, Yuri} 1. c4 {[%emt 0:00:06]} b6 {[%emt 0:00:02]} 2. e4 {[%emt 0:00:03]} Bb7 {[%emt 0:00:01]} 3. d3 {[%emt 0:00:02]} e6 {[%emt 0:00:01]} 4. Nc3 {[%emt 0:00:02]} Bb4 {[%emt 0:00:04]} 5. Qb3 {[%emt 0:00:05]} Nc6 {[%emt 0:00:05]} 6. Nge2 {[%emt 0:00:06]} a5 {[%emt 0:00:04]} 7. a3 {[%emt 0:00:02]} Bc5 {[%emt 0:00:01]} 8. Qd1 {[%emt 0:00:16]} e5 {[%emt 0:00:06]} 9. g3 {[%emt 0:00:04]} Qf6 {[%emt 0:00:08]} 10. Be3 {[%emt 0:00:10]} Bxe3 {[%emt 0:00:02]} 11. fxe3 {[%emt 0:00:02]} Nge7 {[%emt 0:00:00]} 12. Bg2 {[%emt 0:00:04]} O-O {[%emt 0:00:05]} 13. d4 {[%emt 0:00:18]} d6 {[%emt 0:00:05]} 14. d5 {[%emt 0:00:07]} Nb8 {[%emt 0:00:12]} 15. Nc1 {[%emt 0:00:13]} Qh6 {[%emt 0:00:27] Chesstiger9 offers a draw} 16. Qe2 {[%emt 0:00:22]} Ba6 {[%emt 0:00:10]} 17. b3 {[%emt 0:00:04]} Nd7 {[%emt 0:00:02]} 18. Nd3 {[%emt 0:00:02]} f5 {[%emt 0:00:06]} 19. O-O {[%emt 0:00:08]} Nf6 {[%emt 0:00:10]} 20. exf5 {[%emt 0:00:04]} a4 {[%emt 0:00:33]} 21. Nxa4 {[%emt 0:00:10]} e4 {[%emt 0:00:11]} 22. Nf4 {[%emt 0:00:07]} Nxf5 {[%emt 0:00:04]} 23. Ne6 {[%emt 0:00:05]} Nxe3 {[%emt 0:00:02]} 24. Nxf8 {[%emt 0:00:16]} Nxf1 {[%emt 0:00:06]} 25. Rxf1 {[%emt 0:00:03]} Rxf8 {[%emt 0:00:05]} 26. Nc3 {[%emt 0:00:05]} e3 {[%emt 0:00:10]} 27. Rf4 {[%emt 0:00:27]} Bc8 {[%emt 0:00:05]} 28. Qxe3 {[%emt 0:00:07] Chesstiger9 offers a draw} Re8 {[%emt 0:00:19]} 29. Qd2 {[%emt 0:00:28]} Ng4 {[%emt 0:00:08]} 30. h4 {[%emt 0:00:02]} Ne5 {[%emt 0:00:08]} 31. Ne4 {[%emt 0:00:05]} Qg6 {[%emt 0:00:07]} 32. Rf1 {[%emt 0:00:19]} h6 {[%emt 0:00:04]} 33. Qf4 {[%emt 0:00:01]} Nd3 {[%emt 0:00:07]} 34. Qf3 {[%emt 0:00:05]} Ne5 {[%emt 0:00:04]} 35. Qf4 {[%emt 0:00:02]} Bg4 {[%emt 0:00:01]} 36. Kh2 {[%emt 0:00:07]} Nd3 {[%emt 0:00:02]} 37. Qd2 {[%emt 0:00:04]} Ne5 {[%emt 0:00:03]} 38. Qf4 {[%emt 0:00:01] Chesstiger9 offers a draw} Bd7 {[%emt 0:00:06]} 39. Qd2 {[%emt 0:00:01]} Ng4+ {[%emt 0:00:02]} 40. Kh1 {[%emt 0:00:02]} Rxe4 {[%emt 0:00:02]} 41. Bxe4 {[%emt 0:00:01]} Qxe4+ {[%emt 0:00:01] Time (Lag: Av=0.39s, max=0.8s) .} 0-1

[Event "448. Wednesday (05.08.2020)"]
[Site "Official B"]
[Date "2020.08.05"]
[Round "8"]
[White "K_J"]
[Black "klausen"]
[Result "1-0"]
[WhiteElo "1949"]
[BlackElo "2011"]
[PlyCount "51"]
[EventDate "2020.08.05"]
[EventType "swiss (blitz)"]

1. e4 {[%emt 0:00:02]} e6 {[%emt 0:00:02]} 2. d4 {[%emt 0:00:02]} d5 {[%emt 0:00:01]} 3. exd5 {[%emt 0:00:01]} exd5 {[%emt 0:00:02]} 4. c4 {[%emt 0:00:00]} Nf6 {[%emt 0:00:02]} 5. Nc3 {[%emt 0:00:01]} Bb4 {[%emt 0:00:02]} 6. Bd3 {[%emt 0:00:04]} O-O {[%emt 0:00:02]} 7. Nge2 {[%emt 0:00:02]} Be6 {[%emt 0:00:02]} 8. cxd5 {[%emt 0:00:17]} Nxd5 {[%emt 0:00:02]} 9. O-O {[%emt 0:00:01]} c5 {[%emt 0:00:03]} 10. Ne4 {[%emt 0:00:33]} cxd4 {[%emt 0:00:53]} 11. Nxd4 {[%emt 0:00:05]} Bd7 {[%emt 0:00:21]} 12. Ng5 {[%emt 0:00:14]} Nf6 {[%emt 0:00:19]} 13. Qb3 {[%emt 0:00:29]} Bc5 {[%emt 0:00:06]} 14. Ndf3 {[%emt 0:00:07]} Bc6 {[%emt 0:00:19]} 15. Ne5 {[%emt 0:00:10]} Bd5 {[%emt 0:00:13]} 16. Bc4 {[%emt 0:00:02]} h6 {[%emt 0:00:07]} 17. Ngxf7 {[%emt 0:00:11]} Rxf7 {[%emt 0:01:47]} 18. Nxf7 {[%emt 0:00:05]} Bxc4 {[%emt 0:00:19]} 19. Qxc4 {[%emt 0:00:08]} Qd5 {[%emt 0:00:00]} 20. Ne5 {[%emt 0:00:20]} Qxc4 {[%emt 0:00:05]} 21. Nxc4 {[%emt 0:00:01]} Nc6 {[%emt 0:00:01]} 22. Be3 {[%emt 0:00:05]} b5 {[%emt 0:00:03]} 23. Bxc5 {[%emt 0:00:03]} bxc4 {[%emt 0:00:01]} 24. Rac1 {[%emt 0:00:04]} Ne5 {[%emt 0:00:02]} 25. Bd4 {[%emt 0:00:05]} Nd3 {[%emt 0:00:01]} 26. Rxc4 {[%emt 0:00:03] Zeit (Lag: Av=0.44s, max=1.8s)} 1-0

[Event "448. Wednesday (05.08.2020)"]
[Site "Official B"]
[Date "2020.08.05"]
[Round "8"]
[White "Joroger"]
[Black "Legenda56"]
[Result "0-1"]
[WhiteElo "1849"]
[BlackElo "1840"]
[Annotator "NA"]
[PlyCount "84"]
[EventDate "2020.08.05"]
[EventType "swiss (blitz)"]

1. d4 {[%emt 0:00:03]} d5 {[%emt 0:00:01]} 2. c4 {[%emt 0:00:00]} c6 {[%emt 0:00:00]} 3. Nf3 {[%emt 0:00:01]} Nf6 {[%emt 0:00:01]} 4. Nc3 {[%emt 0:00:01]} e6 {[%emt 0:00:01]} 5. e3 {[%emt 0:00:01]} Nbd7 {[%emt 0:00:01]} 6. Bd3 {[%emt 0:00:01]} b6 {[%emt 0:00:02]} 7. O-O {[%emt 0:00:01]} Be7 {[%emt 0:00:01]} 8. Qe2 {[%emt 0:00:01]} Bb7 {[%emt 0:00:01]} 9. e4 {[%emt 0:00:02]} dxe4 {[%emt 0:00:01]} 10. Nxe4 {[%emt 0:00:01]} O-O {[%emt 0:00:01]} 11. Bg5 {[%emt 0:00:02]} c5 {[%emt 0:00:01]} 12. dxc5 {[%emt 0:00:02]} Nxc5 {[%emt 0:00:02]} 13. Nxc5 {[%emt 0:00:02]} Bxc5 {[%emt 0:00:02]} 14. Rad1 {[%emt 0:00:05]} Qe7 {[%emt 0:00:01]} 15. Ne5 {[%emt 0:00:08]} Rad8 {[%emt 0:00:09]} 16. Bb1 {[%emt 0:00:14]} h6 {[%emt 0:00:04]} 17. Bh4 {[%emt 0:00:04]} g5 {[%emt 0:00:13]} 18. Bg3 {[%emt 0:00:02]} a5 {[%emt 0:00:16]} 19. b3 {[%emt 0:00:21]} Rd4 {[%emt 0:00:15]} 20. Rxd4 {[%emt 0:00:10]} Bxd4 {[%emt 0:00:01]} 21. Rd1 {[%emt 0:00:01]} Rd8 {[%emt 0:00:30]} 22. Nf3 {[%emt 0:00:18]} Bxf3 {[%emt 0:00:39]} 23. Qxf3 {[%emt 0:00:00]} Qc5 {[%emt 0:00:12]} 24. h3 {[%emt 0:00:18]} Kg7 {[%emt 0:00:01]} 25. Qe2 {[%emt 0:00:09]} e5 {[%emt 0:00:21]} 26. Re1 {[%emt 0:00:19]} Re8 {[%emt 0:00:12]} 27. Qc2 {[%emt 0:00:05]} e4 {[%emt 0:00:16]} 28. Qe2 {[%emt 0:00:30]} h5 {[%emt 0:00:12]} 29. h4 {[%emt 0:00:09]} e3 {[%emt 0:00:09]} 30. f3 {[%emt 0:00:22]} gxh4 {[%emt 0:00:14]} 31. Bxh4 {[%emt 0:00:03]} Qe5 {[%emt 0:00:03]} 32. Bxf6+ {[%emt 0:00:26]} Qxf6 {[%emt 0:00:04]} 33. Rd1 {[%emt 0:00:11]} Qf4 {[%emt 0:00:05]} 34. Be4 {[%emt 0:00:14]} Bc3 {[%emt 0:00:12]} 35. Rd5 {[%emt 0:00:06]} Re5 {[%emt 0:00:06]} 36. Rd3 {[%emt 0:00:04]} Bd2 {[%emt 0:00:02]} 37. Rd7 {[%emt 0:00:10]} h4 {[%emt 0:00:13]} 38. Qd3 {[%emt 0:00:08]} Rg5 {[%emt 0:00:08]} 39. Qd6 {[%emt 0:00:00]} Qxd6 {[%emt 0:00:02]} 40. Rxd6 {[%emt 0:00:01]} h3 {[%emt 0:00:01]} 41. g4 {[%emt 0:00:02]} h2+ {[%emt 0:00:04]} 42. Kxh2 {[%emt 0:00:01]} e2 {[%emt 0:00:01] Zeit (Lag: Av=0.45s, max=1.3s)} 0-1